000 00944nam a2200277Ia 4500
003 OSt
005 20220926010047.0
006 a|||||r|||| 00| 0
007 ta
008 220923b |||||||| |||| 00| 0 eng d
020 _a9789350355091
_c420.75
037 _bRKBA\09-10\5433, 24/02/2015, RAJKIRAN BOOK AGENCY
_cGeneral Book
040 _aRTL
_cRTL
_beng
041 _2eng
_aeng
082 _aX:9583:(Z2).N47, Q3;Q5
100 _aKUMAR H L
_9126466
245 0 _aPractical guide to employee's compensation
_b Act and rules.
250 _a8th
260 _a New Delhi
_bUniversity Law Publshing
_c2015
300 _axxxviii,342p
_ccm.
500 _aGlossary: p 439-43; Appendix: p 361-66
650 _aCommerce
700 _a GAURAV KUMAR
_9311803
942 _hX:9583:(Z2).N47, Q3;Q5
_cGB
_2CC
999 _c616315
_d616315